banner-ar

الجهاد فى سبيل الله (Record no. 53423)

MARC details
000 -الفاتح
حقل البيانات ثابتة الطول 00369nam a2200133Ia 4500
008 - عناصر البيانات ثابتة الطول - معلومات عامة
حقل البيانات ثابتة الطول 140319s9999 xx 000 0 ara d
040 ## - مصدر الفهرسة
وكالة الفهرسة الأصلية GCL /
وكالة النسخ GCL
082 04 - رقم تصنيف ديوى العشرى
رقم التصنيف 256
رقم المادة ا ج
245 10 - بيان العنوان
العنوان الجهاد فى سبيل الله
300 ## - الوصف المادى
التعداد 56 ص
490 ## - بيان السلسلة
عنوان السلسلة
260 ## - PUBLICATION, DISTRIBUTION, ETC. (IMPRINT)
-- [S.N] :
-- المكتبة القيمة للطباعة والنشر والتوزيع
Holdings
حالة التراجع حالة الفقد حالة تلف ليس للاعارة المكان المؤقت الموقع الحالى تاريخ الاكتساب اجمالي اﻻعارات رقم الطلب الباركود تاريخ اخر مشاهدة تاريخ تفعيل السعر نوع وعاء كوها
        مكتبة القاهرة الكبرى مكتبة القاهرة الكبرى 03/26/2014   256\ا ج 128193 03/26/2014 03/26/2014 كتاب

Powered By

EGPV